书目信息 |
| 题名: |
初等代数教材教法
|
|
| 作者: | 曹才翰 编 | |
| 分册: | ||
| 出版信息: | 北京 高等教育出版社 1990.9 |
|
| 页数: | 323页 | |
| 开本: | 20cm | |
| 丛书名: | ||
| 单 册: | ||
| 中图分类: | G633.62 | |
| 科图分类: | ||
| 主题词: | 初等代数-教学法--师范大学--教材 , 教学法-初等代数--师范大学--教材 , 初等代数--教学法--初中 | |
| 电子资源: | ||
| ISBN: | 7-04-003127-2 | |
| 000 | 00759nam0 2200253 45 | |
| 001 | 0191019900 | |
| 005 | 20070704160610.40 | |
| 010 | @a7-04-003127-2@dCNY2.25 | |
| 100 | @a19910816d1990 em y0chiy0121 ea | |
| 101 | 0 | @achi |
| 102 | @aCN@b110000 | |
| 105 | @ay z 000yy | |
| 200 | 10 | @a初等代数教材教法@ACHU DENG DAI SHU JIAO CAI JIAO FA@f曹才翰编@FCAO CAIHAN BIAN |
| 210 | @a北京@c高等教育出版社@d1990.9 | |
| 215 | @a323页@d20cm | |
| 300 | @a高等师范专科学校教材 | |
| 540 | 1 | @a代数@ADAI SHU |
| 606 | @a初等代数-教学法@x师范大学@x教材 | |
| 606 | @a教学法-初等代数@x师范大学@x教材 | |
| 606 | @a初等代数@x教学法@x初中 | |
| 690 | @aG633.62@v3 | |
| 701 | 0 | @a曹才翰@ACAO CAI HAN@4编 |
| 801 | 0 | @aCN@bNLC@c20070704 |
| 905 | @dG633.62@e195@f1@b224251 | |
| 初等代数教材教法/曹才翰编.-北京:高等教育出版社,1990.9 |
| 323页;20cm |
| 高等师范专科学校教材 |
| ISBN 7-04-003127-2:CNY2.25 |
| ● |
| 相关链接 |
|
|
|
|
正题名:初等代数教材教法
索取号:G633.62/195
 
预约/预借
| 序号 | 登录号 | 条形码 | 馆藏地/架位号 | 状态 | 备注 |
| 1 | 0224251 | 001956841 | 密集书库/ [索取号:G633.62/195] | 在馆 | |
| 2 | 0224252 | 000623935 | 密集书库/ [索取号:G633.62/195] | 在馆 | |
| 3 | 0224253 | 000623944 | 密集书库/ [索取号:G633.62/195] | 在馆 | |
| 4 | 0224255 | 000624006 | 密集书库/ [索取号:G633.62/195] | 在馆 | |
| 5 | 0224257 | 000623855 | 密集书库/ [索取号:G633.62/195] | 在馆 | |
| 6 | 0224258 | 001583977 | 第一样本阅览室/ [索取号:G633.62/195] | 在馆 | |
| 7 | 0224259 | 000623980 | 密集书库/ [索取号:G633.62/195] | 在馆 | |
| 8 | 0224260 | 000623999 | 密集书库/ [索取号:G633.62/195] | 在馆 | |
| 9 | 0634691 | 206346916 | 密集书库/ [索取号:G633.62/195] | 在馆 | |
| 10 | 0634692 | 206346925 | 密集书库/ [索取号:G633.62/195] | 在馆 | |
| 11 | 0634693 | 206346934 | 密集书库/ [索取号:G633.62/195] | 在馆 | |
| 12 | 0634694 | 206346943 | 密集书库/ [索取号:G633.62/195] | 在馆 | |
| 13 | 0634695 | 206346952 | 密集书库/ [索取号:G633.62/195] | 在馆 | |
| 14 | 0634696 | 206346961 | 密集书库/ [索取号:G633.62/195] | 在馆 | |
| 15 | 0634697 | 206346970 | 密集书库/ [索取号:G633.62/195] | 在馆 | |
| 16 | 0634698 | 206346989 | 密集书库/ [索取号:G633.62/195] | 在馆 | |
| 17 | 0634699 | 206346998 | 密集书库/ [索取号:G633.62/195] | 在馆 | |
| 18 | 0634700 | 206347005 | 密集书库/ [索取号:G633.62/195] | 在馆 | |
| 19 | 0634701 | 206347014 | 密集书库/ [索取号:G633.62/195] | 在馆 | |
| 20 | 0634702 | 206347023 | 密集书库/ [索取号:G633.62/195] | 在馆 | |
| 21 | 0634703 | 206347032 | 密集书库/ [索取号:G633.62/195] | 在馆 | |
| 22 | 0634704 | 206347041 | 密集书库/ [索取号:G633.62/195] | 在馆 | |
| 23 | 0634705 | 206347050 | 密集书库/ [索取号:G633.62/195] | 在馆 | |
| 24 | 0634706 | 206347069 | 密集书库/ [索取号:G633.62/195] | 在馆 | |
| 25 | 0634707 | 206347078 | 密集书库/ [索取号:G633.62/195] | 在馆 | |
| 26 | 0634708 | 206347087 | 密集书库/ [索取号:G633.62/195] | 在馆 | |
| 27 | 0634709 | 206347096 | 密集书库/ [索取号:G633.62/195] | 在馆 | |
| 28 | 0634710 | 206347103 | 密集书库/ [索取号:G633.62/195] | 在馆 | |
| 29 | 0634711 | 206347112 | 密集书库/ [索取号:G633.62/195] | 在馆 | |
| 30 | 0634712 | 206347121 | 密集书库/ [索取号:G633.62/195] | 在馆 | |
| 31 | 0634713 | 206347130 | 密集书库/ [索取号:G633.62/195] | 在馆 | |
| 32 | 0634714 | 206347149 | 密集书库/ [索取号:G633.62/195] | 在馆 | |
| 33 | 0634715 | 206347158 | 密集书库/ [索取号:G633.62/195] | 在馆 | |
| 34 | 0634716 | 206347167 | 密集书库/ [索取号:G633.62/195] | 在馆 | |
| 35 | 0634717 | 206347176 | 密集书库/ [索取号:G633.62/195] | 在馆 | |
| 36 | 0634718 | 206347185 | 密集书库/ [索取号:G633.62/195] | 在馆 | |
| 37 | 0634719 | 206347194 | 密集书库/ [索取号:G633.62/195] | 在馆 | |
| 38 | 0634720 | 206347201 | 密集书库/ [索取号:G633.62/195] | 在馆 | |
| 39 | 0634721 | 206347210 | 密集书库/ [索取号:G633.62/195] | 在馆 | |
| 40 | 0634722 | 206347229 | 密集书库/ [索取号:G633.62/195] | 在馆 | |
| 41 | 0634723 | 206347238 | 密集书库/ [索取号:G633.62/195] | 在馆 | |
| 42 | 0639861 | 206398619 | 库房3/ [索取号:G633.62/195] | 在馆 | |
| 43 | 0639862 | 206398628 | 库房3/ [索取号:G633.62/195] | 在馆 | |
| 44 | 0765018 | 207650184 | 密集书库/ [索取号:G633.62/195] | 在馆 | |
| 45 | 0765019 | 207650193 | 密集书库/ [索取号:G633.62/195] | 在馆 | |
| 46 | 0765069 | 207650692 | 密集书库/ [索取号:G633.62/195] | 在馆 | |
| 47 | 0765070 | 207650709 | 密集书库/ [索取号:G633.62/195] | 在馆 | |
| 48 | 0765155 | 207651557 | 密集书库/ [索取号:G633.62/195] | 在馆 | |
| 49 | 0765288 | 207652887 | 密集书库/ [索取号:G633.62/195] | 在馆 | |
| 50 | 0765289 | 207652896 | 密集书库/ [索取号:G633.62/195] | 在馆 | |
| 51 | 0765290 | 207652903 | 密集书库/ [索取号:G633.62/195] | 在馆 | |
| 52 | 626151 | 206261515 | 密集书库/ [索取号:G633.62/195] | 在馆 |